Detalles MARC
| 000 -LIDER |
| fixed length control field |
04045nam a2200349 a 4500 |
| 001 - NÚMERO DE CONTROL |
| Identificador de número de control |
00150 |
| 003 - IDENTIFICACDOR DE NÚMERO DE CONTROL |
| control field |
DO-SdBNP |
| 005 - DATE AND TIME OF LATEST TRANSACTION |
| control field |
20160426130002.0 |
| 007 - CAMPOS FIJOS DE DESCRIPCIÓN FÍSICA |
| fixed length control field |
00150 |
| 008 - ELEMENTOS DE LONGITUD FIJA |
| fixed length control field |
160406b dr 20uu||| |||| 00| 0 spa d |
| 040 ## - FUENTE DE CATALOGACIÓN |
| Agencia que crea de manera original el registro |
BPMSU |
| Idioma de catalogación |
spa |
| Agencia que realiza la transcripción |
BPMSU |
| 092 ## - LOCALLY ASSIGNED DEWEY DECIMAL CALL NUMBER |
| Número de clasificación |
373.7 |
| Número de ítem (Cutter) |
P349m 2do [200-?] |
| 100 1# - ASIENTO PRINCIPAL -- NOMBRE PERSONAL |
| Nombre personal |
Peña Geraldino, Rafael |
| 245 10 - MENCIÓN DE TITULO |
| Título |
Matemática 2 : |
| Subtítulo |
educación media / |
| Mención de responsabilidad |
Rafael Peña Geraldino ; coordinador José Molinaza |
| 250 ## - MENCIÓN DE EDICION |
| Mención de edición |
3ed. |
| 260 ## - PUBLICACIÓN, DISTRIBUCIÓN, ETC. (PIE DE IMPRENTA) |
| Lugar de publicación, distribución, etc |
Santo Domingo : |
| Nombre del editor, distribuidor, etc. |
Secretaría de Estado de Educación |
| Fecha de publicación, distribución, etc |
[200-?] |
| 300 ## - DESCRIPCIÓN FÍSICA |
| Extensión |
299 p. |
| Otros detalles físicos |
retrs. ; |
| Dimensiones |
28 cm. |
| 500 ## - NOTA GENERAL |
| Nota general |
Gestión educativa 2004-2008 |
| 500 ## - NOTA GENERAL |
| Nota general |
Segundo grado, primer ciclo |
| 505 ## - NOTA DE CONTENIDO |
| Título |
Capitulo 1: |
| -- |
Inicio de la lógica - Método deductivo de razonamiento - Lógica matemática - Proposiciones compuestas - Equivalencia de formas proporcionales - Clasificación de las proposiciones de acuerdo a su resultado - Fora aargumental y argumento - Método de demostración - Cuantificadores - Negación de los cuantificadores |
| -- |
Capítulo 2: |
| -- |
Figuras geométricas - Línea recta-plano - Medidas de segmentos rectilíneos - Posiciones relativas de dos líneas rectas - Ángulos - Construcciones - Teorenas - polígonos |
| -- |
Capítulo 3: |
| -- |
Funciones - Conyunto producto o producto cartesiano - Función - Tipos de funciones - Funciones de primer grado o función lineal - Ecuación - Proporcionalidad inversa y directa - Inecuaciones - Desigualdades - Intervalos en los números reales - Inecuaciones de primer grado en una variable - Inecuaciones lineales en dos variables - Anexo. |
| -- |
Capítulo 4 : |
| -- |
Triangulo - Clasificación de los triangulo - Puntos importantes de un triangulo - Proporcionalidad - Constant de proporcionalidad - Semejanza de triángulos rectángulos - Semejanza de polígonos |
| -- |
Capítulo 5 : |
| -- |
Cuadriláteros - Paralelogramo - Propiedades de los cuadriláteros |
| -- |
Capítulo 6 : |
| -- |
Trigonometría - Teorema de Pitágoras - Racionalización - Funciones trigonométricas de ángulos notables - Resolución de triángulos rectángulos - Ángulo de elevación y ángulo de depresión - Sistema de medidas de los ángulos - Funciones trigonométricas de cualquier ángulo, en el sistema de coordenadas cartesianas - Identidades trigonométricas - Ley de los senos o teorema de los senos - Teorema del coseno o ley de los cosenos - Determinación del área de un triángulo |
| -- |
Capítulo 7 : |
| -- |
Transformaciones geométricas - Simetría con respecto a una recta o eje simetrial axial - Reflexion - Simetría reflexiva en el plano cartesiano - Traslación - Rotaciones o giros |
| -- |
Capítulo 8 : |
| -- |
Estructuras algébricas - Operación interna binaria para un conjunto dado - Estructuras algébricas - Tabla de operación o tabla pitagórica o de doble entrada. |
| -- |
Capítulo 9: |
| -- |
Función polinómica de segundo grado o función cuadrática - Algunas consideraciones sobre gráfica de una función - Ecuaciones de segundo grado - Resolución de una ecuación de segundo grado por factorización y fórmula general - Aplicaciones de la ecuación de segundo grado para la resolución de problemas - Resolución de una ecuación cuadrática complementando un trinomio cuadrado perfecto - Resolución de ecuaciones incompletade segundo grado - Punto máximo y mínimo de una parábola y eje de simetría - Inecuaciones de segundo grado en una variable - Inecuación de segundo grado en dos variables |
| -- |
Capítulo 10 : |
| -- |
Estadística - Tabla de frecuencia de datos agrupados - Representaciones gráficas - Medidas de tendencia central - Medidas de dispersón. |
| 650 #4 - ENCABEZAMIENTO DE MATERIA--TEMÁTICO |
| Término temático o nombre geográfico como elemento de entrada |
MATEMÁTICAS |
| Subdivisión temática general |
ENSEÑANZA BÁSICA |
| 650 #4 - ENCABEZAMIENTO DE MATERIA--TEMÁTICO |
| Término temático o nombre geográfico como elemento de entrada |
MATEMÁTICAS |
| Subdivisión temática general |
EDUCACIÓN SECUNDARIA |
| 650 #4 - ENCABEZAMIENTO DE MATERIA--TEMÁTICO |
| Término temático o nombre geográfico como elemento de entrada |
MATEMÁTICAS |
| Subdivisión temática general |
LIBROS DE TEXTOS |
| 650 #4 - ENCABEZAMIENTO DE MATERIA--TEMÁTICO |
| Término temático o nombre geográfico como elemento de entrada |
MATEMÁTICAS |
| Subdivisión temática general |
ESTUDIOS Y EJERCICIOS |
| 650 #4 - ENCABEZAMIENTO DE MATERIA--TEMÁTICO |
| Término temático o nombre geográfico como elemento de entrada |
EDUCACIÓN SECUNDARIA |
| Subdivisión geográfica |
REPÚBLICA DOMINICANA |
| 700 1# - ASIENTO SECUNDARIO -- NOMBRE PERSONAL |
| Nombre personal |
Molinaza, José, |
| Término de relación |
coord. |
| 910 ## - VALIDACIÓN |
| Validación |
Validado.Control de calidad MFF |
| 942 ## - ADDED ENTRY ELEMENTS (KOHA) |
| Source of classification or shelving scheme |
Dewey Decimal Classification |
| Koha item type |
Libros |
| 956 ## - LOCAL ELECTRONIC LOCATION AND ACCESS (OCLC) |
| Nombre de host |
BTAVAREZ |
| Número de acceso |
10 |
| Información de compresión |
20100809 |
| Inicio de sesión |
BND01 |
| Procesador de solicitud |
1053 |
| 956 ## - LOCAL ELECTRONIC LOCATION AND ACCESS (OCLC) |
| Nombre de host |
VMATEO |
| Número de acceso |
10 |
| Información de compresión |
20150707 |
| Inicio de sesión |
BPMSU |
| Procesador de solicitud |
00151 |
| 956 ## - LOCAL ELECTRONIC LOCATION AND ACCESS (OCLC) |
| Nombre de host |
BTAVÁREZ |
| Número de acceso |
10 |
| Información de compresión |
20160406 |
| Inicio de sesión |
00150 |